00276nam a2200121Ia 4500008004100000100002100041245002100062260002600083300000800109650001300117942000700130999001700137190216s9999||||xx |||||||||||||| ||und|| aNeelakandan Unni 0aAithihyakathakal bPoorna Pubs Kozhikode a330 aKathakal cBK c27483d27483